000 00736nam a2200205Ia 4500
008 220216s9999 xx 000 0 und d
100 _aAryasomayajula Venkata Satya Lakshmi S.B
245 0 _aBiodiesel production from rubber seed oil using calcined eggshells impregnated with Al2O3 as heterogeneous catalyst: A comparative study of RSM and ANN optimization
260 _bBrazilian Journal of Chemical Engineering
_c2020
300 _a351-368
500 _aSource Year: 2020
650 _aBiodiesel production
650 _aEggshells
650 _aRubber seed oil
700 _aAnantharamanan N
700 _aKhadhar Mohamed M.S.B
700 _aSubramania Pillai N
856 _udoi.10.1007/s43153-020-00027-9
942 _cJS
999 _c54761
_d54761